000 00898nam a2200217Ii 4500
003 JO-AjNU
008 230605s9999||||xx |||||||||||||| ||und||
017 _a2015/12/5997
040 _aJO-AjNU
_bara
_erda
_cJO-AjNU
041 _aara
050 1 4 _aBP170.25.B36 2016
100 3 _aبني عطا، حيدر محمد علي,
_eauthor
_953189
245 0 0 _aالمحاسبة عن أموال الوقف في الإسلام والرقابة عليها
250 _aط1
264 3 1 _aعمان: دار شهرزاد للنشر والتوزيع، 2016
300 _a276ص
_bالمصادر والمراجع ص 231-257 ؛ فهرس الآيات القرآنية والاحاديث النبوية ص258-269
336 _atext
_btxt
_2rdacontent
337 _aunmediated
_bn
_2rdamedia
338 _avolume
_bnc
_2rdacarrier
650 4 _aالاموال- الوقف- الاقتصاد الاسلامي
_953190
999 _aA23607
_c27175
_d27175